00423nam a22001457a 4500003000400000008004100004082001700045100002800062245008500090260003200175300000900207502001500216650002900231650001700260OSt260425b |||||||| |||| 00| 0 eng d a635.26bC35E aChoudhary, Sanjay Kumar aEffect of Nitrogen and Spacing on Growth and Yield of Garlic (Allium Sativum L.) aPusa, SamastipurbRAUc2000 a93P. bMsc.d2000 aVegetable & Floriculture aHorticulture